Viola d'amore Bibliographie : Verzeichnis gedruckter und ungedruckter Werke mit Viola d'amore als Soloinstrument, in Duos, Trios, Quartetten, Quintetten usw., als Soloinstrument in Konzerten, in Werken mit Singstimmen sowie Schul- und Studienwerke : dazu eine Bibliographie des Musikschrifttums zur Viola d'amore /

Saved in:
Bibliographic Details
Main Author: Berck, Heinz
Format: Book
Language:German
Published: Kassel : Barenreiter, 1986.
Subjects:
LEADER 01249nam a2200277 a 4500
001 c000058763
003 CARM
005 00000000000000.0
008 871030s1986 gw a b 00110 ger
019 1 |a 5644578  |5 LACONCORD2021 
020 |a 3761807805 
035 |a (OCoLC)14912216  |5 LACONCORD2021 
041 0 |a germul 
050 0 0 |a ML128.V38  |b B47 1986 
100 1 |a Berck, Heinz. 
245 1 0 |a Viola d'amore Bibliographie :  |b Verzeichnis gedruckter und ungedruckter Werke mit Viola d'amore als Soloinstrument, in Duos, Trios, Quartetten, Quintetten usw., als Soloinstrument in Konzerten, in Werken mit Singstimmen sowie Schul- und Studienwerke : dazu eine Bibliographie des Musikschrifttums zur Viola d'amore /  |c Heinz Berck. 
260 |a Kassel :  |b Barenreiter,  |c 1986. 
300 |a 215 p. :  |b ill. ;  |c 21 cm. 
500 |a Includes index. 
650 0 |a Viola d'amore music  |x Bibliography. 
650 0 |a Chamber music  |x Bibliography. 
650 0 |a Instrumental music  |x Bibliography. 
852 8 |b CARM  |h A2:AB23A0  |i B02661  |p 0092404  |f BK 
082 0 4 |a 016.787/42  |2 19 
999 f f |i 913b2c81-f875-5fe5-930f-7dc7cc767f1b  |s fac89d51-33e9-5666-92dc-6209389c0a42 
952 f f |p Can circulate  |a CAVAL  |b CAVAL  |c CAVAL  |d CARM 1 Store  |e B02661  |f A2:AB23A0  |h Other scheme  |i book  |m 0092404